Tears - Sabrina Carpenter (All Lyrics) - Statistics

General Stats
  • This quiz has been taken 558 times
  • The average score is 210 of 262
Answer Stats
Lyrics % Correct
I
98%
(I
98%
a
97%
A
97%
get
96%
get)
96%
you
95%
you),
95%
the
94%
of
93%
Tears
93%
wet
93%
at
92%
do
92%
do)
92%
my
92%
thought
92%
down
91%
oh,
90%
(Oh,
90%
"Oh
90%
Oh
90%
run
90%
to
89%
your
89%
guy
88%
guy)
88%
(Guy,
88%
like
87%
like,
87%
me
87%
responsible
87%
responsible)
87%
thighs
87%
Being
86%
you're
84%
go
83%
(So
83%
so
83%
so),
83%
(So,
83%
so,
83%
So
83%
supposed
83%
(Supposed
83%
can
81%
little
81%
Treating
81%
very
81%
very,
81%
Uh
77%
(Uh
77%
"Uh"
77%
(Uh),
77%
far
76%
for
76%
way
76%
long,
75%
long
75%
god"
73%
I'm
72%
dishes,
71%
hot
71%
what
70%
(What
70%
(Ah
68%
(Ah)
68%
respect
68%
want
67%
women
67%
are
65%
huh)
65%
on"
65%
just
63%
give
62%
how
62%
"Why
62%
Baby,
61%
clothes
61%
gets
61%
ha)
61%
I'll
61%
communication,
60%
ideal
59%
still
59%
foreplay
58%
phone
58%
use
58%
that's
56%
from
53%
Remembering
53%
break)
52%
feelings,
52%
IKEA,
52%
(Dance
51%
have
51%
initiative
50%
anything,
48%
chair
48%
yes,
47%
Considering
45%
Mm
45%
(Mm)
45%
Assemble
44%
Offering
42%
hm
25%
(Shikitah)
22%
No
21%
(Uh-huh)
17%
No matching quizzes found
Score Distribution
Percent of People with Each Score
Percentile by Number Answered
Your Score History
You have not taken this quiz